000150405 001__ 150405
000150405 005__ 20251017144639.0
000150405 0248_ $$2sideral$$a142481
000150405 037__ $$aART-2000-142481
000150405 041__ $$aspa
000150405 100__ $$0(orcid)0000-0003-3459-5965$$aPallarés Jiménez, Miguel Ángel
000150405 245__ $$aCuentas de la hacienda municipal de La Almunia de Doña Godina en torno a 1492
000150405 260__ $$c2000
000150405 5060_ $$aAccess copy available to the general public$$fUnrestricted
000150405 5203_ $$aEl paleógrafo Ángel Canellas publicó en 1962 una colección diplomática de La Almunia de Doña Godina de 97 documentos datados entre los años 1176 y 1395, gran parte de los cuales procedía de su Archivo Municipal; de este trabajo han bebido todos los que han tratado posteriormente sobre esta villa en el periodo medieval, siendo el corpus básico de cualquier estudio histórico local...
000150405 540__ $$9info:eu-repo/semantics/openAccess$$aby$$uhttps://creativecommons.org/licenses/by/4.0/deed.es
000150405 655_4 $$ainfo:eu-repo/semantics/article$$vinfo:eu-repo/semantics/publishedVersion
000150405 773__ $$g16 (2000), 611-636$$pAragón Edad Media$$tAragón en la Edad Media$$x0213-2486
000150405 8564_ $$s1022928$$uhttps://zaguan.unizar.es/record/150405/files/texto_completo.pdf$$yVersión publicada
000150405 8564_ $$s1002981$$uhttps://zaguan.unizar.es/record/150405/files/texto_completo.jpg?subformat=icon$$xicon$$yVersión publicada
000150405 909CO $$ooai:zaguan.unizar.es:150405$$particulos$$pdriver
000150405 951__ $$a2025-10-17-14:30:59
000150405 980__ $$aARTICLE